Francisco Amorós y los inicios de la educación física moderna (Record no. 186739)
[ view plain ]
| 000 -LEADER | |
|---|---|
| campo de control de longitud fija | 01465nam a2200361 i 4500 |
| 001 - NÚMERO DE CONTROL | |
| campo de control | 186739 |
| 003 - IDENTIFICADOR DE NÚMERO DE CONTROL | |
| campo de control | SpMaBN |
| 005 - FECHA Y HORA DE LA ÚLTIMA TRANSACCIÓN | |
| campo de control | 20250828033200.0 |
| 008 - DATOS DE LONGITUD FIJA--INFORMACIÓN GENERAL | |
| campo de control de longitud fija | 170210s2005 sp ae |||| |bspa d |
| 020 ## - NÚMERO INTERNACIONAL ESTÁNDAR DEL LIBRO | |
| Número Internacional Estándar del Libro | 84-7908-835-4 |
| 080 ## - NÚMERO DE LA CLASIFICACIÓN DECIMAL UNIVERSAL | |
| Número de la Clasificación Decimal Universal | 929 Amorós, Francisco |
| 080 ## - NÚMERO DE LA CLASIFICACIÓN DECIMAL UNIVERSAL | |
| Número de la Clasificación Decimal Universal | 796.4(44)"18" |
| 080 ## - NÚMERO DE LA CLASIFICACIÓN DECIMAL UNIVERSAL | |
| Número de la Clasificación Decimal Universal | 796.4(460)"18" |
| 100 1# - ENTRADA PRINCIPAL--NOMBRE DE PERSONA | |
| Nombre de persona | Fernández Sirvent, Rafael. |
| 9 (RLIN) | 161704 |
| 245 10 - MENCIÓN DEL TÍTULO | |
| Título | Francisco Amorós y los inicios de la educación física moderna |
| Resto del título | : biografía de un funcionario al servicio de España y Francia / |
| Mención de responsabilidad, etc. | Rafael Fernández Sirvent. |
| 260 ## - PUBLICACIÓN, DISTRIBUCIÓN, ETC. | |
| Lugar de publicación, distribución, etc. | San Vicente del Raspeig (Alicante) : |
| Nombre del editor, distribuidor, etc. | Publicaciones de la Universidad de Alicante, |
| Fecha de publicación, distribución, etc. | [2005] |
| 300 ## - DESCRIPCIÓN FÍSICA | |
| Extensión | 393 p. : |
| Otras características físicas | il., planos ; |
| Dimensiones | 24 cm. |
| 490 1# - MENCIÓN DE SERIE | |
| Mención de serie | Monografías. |
| -- | Universidad de Alicante |
| 500 ## - NOTA GENERAL | |
| Nota general | Cronología: p. [371]-384. |
| 500 ## - NOTA GENERAL | |
| Nota general | Índice onomástico. |
| 504 ## - NOTA DE BIBLIOGRAFÍA, ETC. | |
| Nota de bibliografía, etc. | Bibliografía: p. [331]-369. |
| 600 14 - PUNTO DE ACCESO ADICIONAL DE MATERIA--NOMBRE DE PERSONA | |
| Nombre de persona | Amorós, Francisco, |
| Fechas asociadas al nombre | 1770-1848 |
| 9 (RLIN) | 125659 |
| 650 07 - PUNTO DE ACCESO ADICIONAL DE MATERIA--TÉRMINO DE MATERIA | |
| Término de materia o nombre geográfico como elemento de entrada | Educación física- |
| Subdivisión cronológica | S.XIX. |
| 9 (RLIN) | 12108 |
| 650 #7 - PUNTO DE ACCESO ADICIONAL DE MATERIA--TÉRMINO DE MATERIA | |
| Término de materia o nombre geográfico como elemento de entrada | Educación física- |
| Subdivisión geográfica | Francia |
| Fuente del encabezamiento o término | |
| 9 (RLIN) | 161705 |
| 650 #7 - PUNTO DE ACCESO ADICIONAL DE MATERIA--TÉRMINO DE MATERIA | |
| Término de materia o nombre geográfico como elemento de entrada | Educación física- |
| Subdivisión geográfica | España |
| Fuente del encabezamiento o término | |
| 9 (RLIN) | 161706 |
| 710 2# - ENTRADA AGREGADA--NOMBRE DE ENTIDAD CORPORATIVA | |
| Nombre de entidad corporativa o nombre de jurisdicción como elemento de entrada | Universidad de Alicante |
| 9 (RLIN) | 7138 |
| 830 0# - PUNTO DE ACCESO ADICIONAL DE SERIE-TÍTULO UNIFORME | |
| Título uniforme | Monografías. |
| -- | Universidad de Alicante |
| 9 (RLIN) | 183034 |
| 852 ## - LOCALIZACIÓN | |
| Ubicación | ES-MaACL |
| Número de control de estantería | A-14022 |
| itemnumber | 193796 |
| Sublocalización o colección | R.151301 |
| Ubicación en estantería | Depósito 1 |
| Signatura antigua | Olim: N-7022 |
| Donativo/Legado | Donación: Casa de Velázquez |
| 914 ## - NOMBRE ENTIDAD DE DONANTE | |
| RLIN | 2477 |
| Nombre de congreso/reunión o jurisdicción como elemento de entrada | Casa de Velázquez |
| Unidad subordinada | Donante |
| 942 ## - ELEMENTOS DE ENTRADA SECUNDARIOS (KOHA) | |
| Fuente del sistema de clasificación o colocación | Clasificación decimal universal |
| Tipo de ítem Koha | Libro impreso |
| Estatus retirado | Estado de pérdida | Fuente del sistema de clasificación o colocación | Estado de daño | No para préstamo | Biblioteca de origen | Biblioteca actual | Ubicación en estantería | Fecha de adquisición | Fuente de adquisición | Total de préstamos | Signatura topográfica completa | Código de barras | Visto por última vez | Precio de reemplazo | Tipo de ítem Koha |
|---|---|---|---|---|---|---|---|---|---|---|---|---|---|---|---|
| Clasificación decimal universal | Biblioteca del Ateneo de Madrid | Biblioteca del Ateneo de Madrid | Depósito 1 | 10/02/2017 | Donación | A-14022 | 1196973 | 23/02/2023 | 23/02/2023 | Libro impreso |
